01005cam a2200265 a 450000100100000000500170001000800410002704000390006804100110010708200200011810000180013824500890015626000410024530000450028665000260033165000280035765000280038565000580041370000440047170000450051591000280056004900090058895201250059799900170072200001823620200929165420.0720522s1944 nyuab 000 0 eng d aDO-SdBNPcODaWUdOCoLCdDLCdBNPHU1 aengund a883.01aH766ó0 aHomer.93949014aThe Odyssey of Homer /ctranslated by Samuel Butler ; edited by Louise Ropes Loomis. aNew York, :bWalter J. Black,c1944. axxxix, 306 p. :bills. ; mapa, ;c19 cm. 4aPoesía griega95285 4aPoesía épica939491 4aLiteratura griega92386 0aEpic poetry, greekvTranslations into English.9394921 aButler, Samuel,d1835-1902,etr.9390931 aLoomis, Louise Ropes,d1874-eed.939493 aCatalogación derivada aBNGR 001053728MOaGRbGRcCTd2010-04-21iLF1l0o883.01 H766ó p18236-10r2020-06-25te. 1w2020-06-25y1ZNo se presta c17757d17757